书目信息

书名: 环境影响评价原理和方法 
作者: 高荣松
出版信息: 成都   四川科学技术出版社  1989.7
开本页数: 19cm  646页
丛书名: 环境保护丛书
单 册:
中图分类: X X8
科图分类:
主题词: 环境质量--评价 , 环境监测
电子资源:
ISBN: 7-5364-1299-1
000 00768nam2 2200253 45
001 0000085497
005 20060227134852.48
010    @dCNY6.20@a7-5364-1299-1
100    @a19940728d199 em ea
101 @achi
105    @ay z 000yy
200 10 @a环境影响评价原理和方法@f高荣松编@Ahuan jing ying xiang ping jia yuan li he fang fa@Fgao rong song bian
210    @a成都@c四川科学技术出版社@d1989.7
215    @a646页@d19cm
225 @a环境保护丛书
300    @a开发建设项目
540    @a环境影响评价原理和方法@Ahuan jing ying xiang ping jia yuan li he fang fa
606 @a环境质量@x评价
606 @a环境监测
690    @aX
690    @aX8@v3
701  0 @a高荣松@Agao rong song@4编
801    @aCN@bNiSoft@c20060227
905    @a10447@dX8@e6
    
    环境影响评价原理和方法/高荣松编.-成都:四川科学技术出版社,1989.7
    646页;19cm.-(环境保护丛书)
    开发建设项目
    
    ISBN 7-5364-1299-1:CNY6.20
    
相关链接 在五车中查询图书 在当当中查询图书 在豆瓣中查询图书


正题名:环境影响评价原理和方法     索取号:X8/6         预约/预借

序号 登录号 条形码 馆藏地/架位号 状态 备注
1 65413   200654130   海科密-1楼/3架6列6层/ [索取号:X8/6] 在馆    
2 65414   200654149   海科密-1楼/3架6列6层/ [索取号:X8/6] 在馆    
3 65415   200654158   海科密-1楼/3架6列6层/ [索取号:X8/6] 在馆    
4 65416   200654167   海科密-1楼/3架6列6层/ [索取号:X8/6] 在馆    
5 65417   200654176   海科密-1楼/3架6列6层/ [索取号:X8/6] 在馆